000
00203nam a22001217a 4500
040
_c
SK
082
_a
303
100
_a
NA
245
_a
CHANGE
260
_a
NA
_b
NA
_c
NA
300
_a
115p.
942
_c
KB
999
_c
9942
_d
9942